00791 2200289 4500001002100000005001700021008004100038020001800079035002400097090001300121245009700134250001000231260004000241300003000281500003100311500001100342650001700353700002300370850001500393980001300408985000600421999001500427999001500442999001500457990001700472990001200489YOGYA-0209000006989520090227093308.0 ind  a979-709-288-7 0010-020900000069895 a323bJal aJALAN panjang menjadi WNIbcatatan pengalaman dan tinjauan kritisceditor, Chris Verdiansyah aCet.1 aJakartabPenerbit Buku Kompasc2007 axii, 236 hlmbilusc21 cm aBibliografi : hlm. 234-236 aIndeks aDiskriminasi aVerdiansyah, Khris aYOPDYOG(B) a27-10-08 a3 a08P0001257 a08P0001258 a08P0001259 a1259-PD/P.08 a1258-PD